000 00677nam a2200241 i 4500
001 C2-0222496
003 PPAK
005 20180728151610.0
008 000104s1995 my |||| ||||| | eng d
020 _a9679785246
040 _aPPAK
_beng
_cPPAK
_erda
082 0 4 _a332.6
_223
090 0 0 _a332.6
_bCAE
_dG
100 1 _aCaes, Charles J.,
_eauthor
245 1 0 _aTools of the bull :
_bhow to make big money in bull markets
264 1 _aPetaling Jaya, Selangor :
_bPelanduk ,
_c1995
300 _aviii, 268 pages ;
_c21 cm
336 _2rdacontent
_atext
337 _2rdamedia
_aunmediated
338 _2rdacarrier
_avolume
650 1 0 _aInvestments
942 _ddc
_cB
999 _c143748
_d143748